000 00826nam a2200253 a 4500
001 BRCA_4557
005 20190320204721.0
008 230910s1944----mx-#######---#000-0#spa-#
041 _aspa
044 _amx
050 4 _aN331
_b.C37 1944
100 1 _aCarrillo y Gariel, Abelardo
_91363
245 1 0 _aLas galerías de pintura de la Academia de San Carlos
_cpor Abelardo Carrillo y Gariel.
260 _aMéxico
_bUNAM, Instituto de Investigaciones Estéticas
_c1944
300 _a82 p.
_c24 cm.
500 _aIncluye índice onomástico de autores
500 _aCFG55
610 2 4 _aAcademia Nacional de San Carlos
_zMéxico
_911542
650 1 4 _aPinturas
_zMéxico
_911543
650 1 4 _aGalerías y museos
_zMéxico
_94513
710 2 _aInstituto de Investigaciones Estéticas
_911544
902 _aGFM
942 _2lcc
_cB
999 _c4263
_d4263